000 00746nam a22002177a 4500
005 20240530110448.0
008 150502s2011 ua o g 000 0 ara d
017 _a2011/10593
_bمصر . دار الكتب المصرية
020 _a9789774590872
040 _aEG-CaGPL
082 0 4 _221
_a920.71\
_bز أ
100 0 _aزينب عفيفى
245 1 0 _aاسامة بن لادن /
_cقراءة بقلم زينب عفيفى
250 _aط1
260 _aالقاهرة :
_bدار العالم العربى ،
_c2011 .
300 _a104 ص :
_bصور ؛
_c20 سم +
_eملاحق
600 0 4 _aاسامة بن لادن
_vتراجم
650 0 4 _aالرجال
_xتراجم
942 _2ddc
_cBK
999 _c61191
_d61191